Geographical Groups of 14 - Statistics

General Stats
  • This quiz has been taken 113 times
  • The average score is 74 of 84
Answer Stats
Hint Answer % Correct
South American Countries and Territories Brazil
99%
South American Countries and Territories French Guiana
99%
South American Countries and Territories Uruguay
99%
South American Countries and Territories Argentina
98%
South American Countries and Territories Ecuador
98%
All Jetpunk countries in Oceania New Zealand
98%
South American Countries and Territories Paraguay
98%
South American Countries and Territories Venezuela
98%
All Jetpunk countries in Oceania Australia
97%
South American Countries and Territories Chile
97%
South American Countries and Territories Colombia
97%
South American Countries and Territories Guyana
97%
South American Countries and Territories Peru
97%
South American Countries and Territories Suriname
97%
All Jetpunk countries in Oceania Tuvalu
97%
All Borders of Russia Ukraine
97%
Landlocked UN Countries in Europe Belarus
96%
All Borders of Russia Belarus
96%
South American Countries and Territories Bolivia
96%
All Borders of Russia China
96%
All Jetpunk countries in Oceania Fiji
96%
All Borders of Russia Kazakhstan
96%
Landlocked UN Countries in Europe Andorra
95%
All Borders of Russia Mongolia
95%
All Borders of Russia Estonia
94%
Landlocked UN Countries in Europe Liechtenstein
94%
All Borders of Russia Lithuania
94%
All Jetpunk countries in Oceania Marshall Islands
94%
All Jetpunk countries in Oceania Tonga
94%
All Jetpunk countries in Oceania Vanuatu
94%
Landlocked UN Countries in Europe Austria
93%
All Borders of Russia Latvia
93%
Landlocked UN Countries in Europe Luxembourg
93%
All Borders of Russia North Korea
93%
2M+ African countries under Equator South Africa
93%
All Jetpunk countries in Oceania Kiribati
92%
Landlocked UN Countries in Europe San Marino
92%
All Jetpunk countries in Oceania Solomon Islands
92%
All Borders of Russia Finland
91%
All Jetpunk countries in Oceania F.S. Micronesia
91%
2M+ African countries under Equator Namibia
91%
All Jetpunk countries in Oceania Palau
91%
All Jetpunk countries in Oceania Samoa
91%
Landlocked UN Countries in Europe Slovakia
91%
Landlocked UN Countries in Europe Switzerland
91%
All Borders of Russia Azerbaijan
89%
Landlocked UN Countries in Europe Czech Republic
89%
All Jetpunk countries in Oceania Nauru
89%
All Jetpunk countries in Oceania Papua New Guinea
89%
Landlocked UN Countries in Europe Vatican City
89%
All Borders of Russia Georgia
88%
2M+ African countries under Equator Tanzania
88%
2M+ African countries under Equator Angola
87%
Landlocked UN Countries in Europe Hungary
87%
Landlocked UN Countries in Europe Moldova
87%
Landlocked UN Countries in Europe Serbia
87%
2M+ African countries under Equator Mozambique
86%
2M+ African countries under Equator Zambia
86%
2M+ African countries under Equator Zimbabwe
86%
2M+ African countries under Equator Botswana
85%
Landlocked UN Countries in Europe North Macedonia
85%
All Borders of Russia Norway
84%
All Borders of Russia Poland
84%
2M+ African countries under Equator Madagascar
82%
2M+ African countries under Equator Malawi
82%
2M+ African countries under Equator Rwanda
81%
2M+ African countries under Equator Lesotho
79%
Mainland States bordering another country Texas
79%
Mainland States bordering another country New Mexico
77%
2M+ African countries under Equator Eswatini
76%
Mainland States bordering another country Montana
76%
Mainland States bordering another country Washington
76%
2M+ African countries under Equator Burundi
75%
Mainland States bordering another country California
75%
Mainland States bordering another country Maine
75%
Mainland States bordering another country North Dakota
75%
Mainland States bordering another country Michigan
72%
Mainland States bordering another country New Hampshire
71%
Mainland States bordering another country New York
71%
Mainland States bordering another country Vermont
69%
Mainland States bordering another country Arizona
68%
Mainland States bordering another country Idaho
68%
Mainland States bordering another country Minnesota
67%
South American Countries and Territories Falkland Islands
58%
No matching quizzes found
Score Distribution
Percent of People with Each Score
Percentile by Number Answered
Your Score History
You have not taken this quiz